Gender in Focus (Record no. 93780)
[ view plain ]
| 000 -LEADER | |
|---|---|
| fixed length control field | 01210nam a2200229Ii 4500 |
| 008 - FIXED-LENGTH DATA ELEMENTS--GENERAL INFORMATION | |
| fixed length control field | 221202s xx 000 0 und d |
| 245 #0 - TITLE STATEMENT | |
| Title | Gender in Focus |
| 246 ## - VARYING FORM OF TITLE | |
| Title proper/short title | Identities, Codes, Stereotypes and Politics |
| 264 ## - PRODUCTION, PUBLICATION, DISTRIBUTION, MANUFACTURE, AND COPYRIGHT NOTICE | |
| Name of producer, publisher, distributor, manufacturer | Verlag Barbara Budrich |
| Date of production, publication, distribution, manufacture, or copyright notice | 2018 |
| 300 ## - PHYSICAL DESCRIPTION | |
| Extent | 1 online resource |
| 336 ## - CONTENT TYPE | |
| Content type term | text |
| Content type code | txt |
| Source | rdacontent |
| 337 ## - MEDIA TYPE | |
| Media type term | computer |
| Media type code | c |
| Source | rdamedia |
| 338 ## - CARRIER TYPE | |
| Carrier type term | online resource |
| Carrier type code | cr |
| Source | rdacarrier |
| 520 ## - SUMMARY, ETC. | |
| Summary, etc. | This book deals with the interplay between identities, codes, stereotypes and politics governing the various constructions and deconstructions of gender in several Western and non-Western societies (Germany, Italy, Serbia, Romania, Cameroon, Indonesia, Vietnam, and others). Readers are invited to discover the realm of gender studies and to reflect upon the transformative potentialities of globalisation and interculturality. |
| 653 ## - INDEX TERM--UNCONTROLLED | |
| Uncontrolled term | Gender Studies |
| 653 ## - INDEX TERM--UNCONTROLLED | |
| Uncontrolled term | Social Science |
| 700 1# - ADDED ENTRY--PERSONAL NAME | |
| Personal name | de Montlibert, Christian |
| 700 1# - ADDED ENTRY--PERSONAL NAME | |
| Personal name | Radu, Daniela |
| 700 1# - ADDED ENTRY--PERSONAL NAME | |
| Personal name | Zamfira, Andreea |
| 856 ## - ELECTRONIC LOCATION AND ACCESS | |
| Uniform Resource Identifier | <a href="https://docs.google.com/spreadsheets/d/1yKIrdCPDAG_9c22mwoOIO2DOhtj65Wqa/edit?usp=sharing&ouid=106555315294820607512&rtpof=true&sd=true ">https://docs.google.com/spreadsheets/d/1yKIrdCPDAG_9c22mwoOIO2DOhtj65Wqa/edit?usp=sharing&ouid=106555315294820607512&rtpof=true&sd=true </a> |
| Link text | List of Curated E-Books |
| 942 ## - ADDED ENTRY ELEMENTS (KOHA) | |
| Koha item type | E-Book |
No items available.